Canzoni di Low-Red - Statistics

Statistiche generali
  • Questo quiz è stato fatto 2 volte
  • Il punteggio medio è 31 su 64
Statistiche sulle risposte
Album Anno Feat Risposta % Corretto
THE BIGGEST SBLAO 2024 Pherro BAE/SLIME
100%
THE BIGGEST SBLAO 2024 Nerissima Serpe BIBLIOTECA
100%
THE BIGGEST SBLAO 2024 Yung Snapp BISEX
100%
THE BIGGEST SBLAO 2024 ilovethisbeat S.B.L.A.O. (Skit)
100%
MARIO 2019 - 18% bipolar
50%
MARIO 2019 - 4real
50%
Mario II 2021 Pherro, Luchetto Ballas
50%
SUL RADAR 2022 Razer.Rah Best Friend
50%
MARIO 2019 - blue jeans
50%
THE BIGGEST SBLAO EVA EVA EVA 2025 Joshua, ilovethisbeat BUONANOTTE
50%
THE BIGGEST SBLAO EVA EVA EVA 2025 Pherro CHIT CHAT
50%
SUL RADAR 2022 Nerissima Serpe, Papa V Cucaracha
50%
SUL RADAR 2022 - Culla d'oro
50%
Mario II 2021 Pherro, ilovethisbeat DNA
50%
THE BIGGEST SBLAO 2024 ilovethisbeat E' LOGICO
50%
Mario II 2021 ilovethisbeat Feeling
50%
THE BIGGEST SBLAO 2024 ilovethisbeat FINE DEL PARTY
50%
Mario II 2021 ilovethisbeat Forever
50%
SUL RADAR 2022 Astro Global
50%
- 2022 ilovethisbeat Gloria
50%
THE BIGGEST SBLAO 2024 Pherro GLUCOSIO
50%
Mario II 2021 Pherro, ilovethisbeat, LB Prada Green & Brown
50%
MARIO 2019 Razer.Rah guala lover
50%
- 2019 Sina, Malakay, Razer.Rah, ilovethisbeat Guala Lover (Remix)
50%
SUL RADAR 2022 Pherro G Walkin'
50%
MARIO 2019 Sina gye!
50%
THE BIGGEST SBLAO 2024 ilovethisbeat IL MONDO SI SCIOGLIE
50%
Mario II 2021 ilovethisbeat King Kong
50%
THE BIGGEST SBLAO 2024 Rasty Kilo LA TESTA
50%
Mario II 2021 Pherro, DEIV Lettera Alla Fam
50%
SUL RADAR 2022 - Loser / Murder
50%
THE BIGGEST SBLAO EVA EVA EVA 2025 Luchetto, ilovethisbeat,Prisoner MAYBACH TRUCK
50%
THE BIGGEST SBLAO 2024 Astro, ilovethisbeat, KIID MEMBRI > BADDIES
50%
THE BIGGEST SBLAO EVA EVA EVA 2025 ilovethisbeat, Pherro MORE LIFE
50%
THE BIGGEST SBLAO 2024 ilovethisbeat, Pherro MUSCHIO
50%
THE BIGGEST SBLAO 2024 Enny P, ilovethisbeat, Pherro MY GIRL
50%
Mario II 2021 ilovethisbeat, Razer.Rah, Sbrigaz, Cage.488, PRACI, Rico Pmf Ok Mario - Remix
50%
MARIO 2019 - passerella
50%
THE BIGGEST SBLAO EVA EVA EVA 2025 ilovethisbeat RELATIONSHIP
50%
Mario II 2021 Pherro Rookie
50%
THE BIGGEST SBLAO 2024 ilovethisbeat, Pherro SANGUE VERDE
50%
THE BIGGEST SBLAO 2024 ilovethisbeat SBLAO DANCE
50%
Mario II 2021 ilovethisbeat Sensibile
50%
- 2023 ilovethisbeat, Pherro SI (love you)
50%
THE BIGGEST SBLAO EVA EVA EVA 2025 Glocky, ilovethisbeat SMS
50%
THE BIGGEST SBLAO 2024 Pherro SPIRITO SANTO
50%
MARIO 2019 Cage.488 stress, droga
50%
THE BIGGEST SBLAO 2024 ilovethisbeat SUCCO DI VIPERE
50%
SUL RADAR 2022 - Sul Radar
50%
MARIO 2019 - supermodels love supertrappers
50%
Coast 2 Coast 2021 Sbrigaz TEENAGER
50%
MARIO 2019 Normax the last star
50%
THE BIGGEST SBLAO EVA EVA EVA 2025 ilovethisbeat THE MASK
50%
MARIO 2019 - the world is yours
50%
THE BIGGEST SBLAO 2024 Papa V, ilovethisbeat, Pherro TOP SECRET
50%
SUL RADAR 2022 ilovethisbeat Trend
50%
Mario II 2021 Pherro X La Famiglia Mia
50%
- 2022 Pherro, ilovethisbeat Capisci Che Intendo
0%
- 2023 ilovethisbeat CAPISCI CHE INTENDO 2 (grazie)
0%
- 2022 ilovethisbeat Genesi
0%
- 2019 Cage.488, ilovethisbeat Kisskiss
0%
Coast 2 Coast 2021 Sbrigaz LOVE ME
0%
THE BIGGEST SBLAO 2024 Pherro MILHOUSE & BART
0%
- 2020 ilovethisbeat SI BABY!
0%
Nessun quiz corrispondente trovato
Distribuzione punteggi
Percentuale di utenti per punteggio
Percentile per numero di risposta
I tuoi punteggi nel tempo
Non hai fatto questo quiz